Polyfunkčný súbor, Mlynské Nivy

Na minha lista:
Detalhes bibliográficos
Autor principal: Wafa, Mohammad Yonus, 1977- (Author)
Outros Autores: Vitková, Ľubica, 1958- (Thesis advisor)
Formato: Manuscrito Livro
Idioma:inglês
Publicado em: Bratislava : STU v Bratislave FA, 2010
Assuntos:
Acesso em linha:VAIS
Tags: Adicionar Tag
Sem tags, seja o primeiro a adicionar uma tag!

MARC

LEADER 00000ntm a22000003a 4500
001 stu218302
005 20220225073740.3
008 101203s2010----xo------------------eng-d
040 |a STU  |b slo 
041 0 |a eng 
044 |a xo 
100 1 |a Wafa, Mohammad Yonus,  |d 1977-  |4 aut  |u A  |T FAD Fakulta architektúry  |X 60200  |U A  |Y 50  |7 A000060200 
242 0 0 |a Polyfunctional complex, Mlynské Nivy  |y eng 
245 1 |a Polyfunkčný súbor, Mlynské Nivy 
260 |a Bratislava :  |b STU v Bratislave FA,  |c 2010 
650 7 |a urbanizmus  |2 stusub 
650 7 |a Urban Design  |2 estusub 
650 7 |a verejné priestory  |2 stusub 
650 7 |a obytná štruktúra  |2 stusub 
650 7 |a administratívna funkcia  |2 stusub 
650 7 |a prvky mestského interiéru  |2 stusub 
700 1 |a Vitková, Ľubica,  |d 1958-  |4 ths  |u A6160  |U FAD Fakulta architektúry  |T FA Ústav urbanizmu a územného plánovania  |X 447  |U A6160  |Y 397  |7 A000000447 
856 4 |a info a plný text  |u http://is.stuba.sk/zp/portal_zp.pl?podrobnosti=63708  |u https://opac.crzp.sk/?fn=detailBiblioForm&sid=B3E4DED1CE64EF1DB1983AD78C74  |3 VAIS